000 00635cam a2200229 4500
008 090401t1990 xxu||||| |||| 00| 0 eng d
020 _a0854064443
035 _a(Sirsi) u50034
041 _aeng
050 _a692.8
090 _aRICS 1990/18
110 _aRoyal Institution of Chartered Surveyors
_94900
245 _aIntroductory guidance to the intermediate form of contract 1984
260 _aLondon
_bSP
_c1990
300 _a40p. ; 30cm.
350 _a12.95
650 _aGUIDANCE NOTES
650 _aJCT INTERMEDIATE FORM OF BUILDING CONTRACT (1984 EDITION)
650 _aRICS
942 _n0
948 _c04/03/1997
999 _c92647
_d92647